000 00900cam a2200157 4500500
005 20260111090542.0
041 _afre
042 _adc
100 1 0 _aVallin, Pierre
_eauthor
245 0 0 _aVéronique Auzepi-Chavagnac, Jean de Fabrègues et la jeune Droite catholique, Aux sources de la Révolution nationale. Presses du Septentrion, Villeneuve d’Ascq, 2002, 464 pages, 29,85 €
260 _c2003.
500 _a88
520 _aRésuméQue ce soit en Amérique du Sud, en Europe, en Asie ou aux Etats-Unis, la Performance aura durablement marqué la création artistique depuis sa naissance dans l’Amérique des années 50. L’interdisciplinarité et la participation du public en sont l’une des constantes.
786 0 _nÉtudes | 398 | 6 | 2003-06-01 | p. 846zk-863zk | 0014-1941
856 4 1 _uhttps://shs.cairn.info/revue-etudes-2003-6-page-846zk?lang=fr&redirect-ssocas=7080
999 _c1619166
_d1619166